000 00364nam a2200145Ia 4500
008 230917s9999||||xx |||||||||||||| ||und||
040 _e4548
_aMAIN
041 _aEnglish
082 _a329.973 S18P
100 _aSchattschneider, E E
245 0 _aParty government
260 _aNew York
_bHolt, Rinehart and Winston
_c1941
300 _axi, 219p p.
942 _cBK
999 _c34916
_d34916